| 000 | 00416nam a2200181Ia 4500 | ||
|---|---|---|---|
| 005 | 20250423095112.0 | ||
| 008 | 250422s9999 xx 000 0 und d | ||
| 020 | _a978-37084-0-6 | ||
| 050 | _aHD 31 .U48/ | ||
| 100 | _aUmukoro, Francis G. | ||
| 245 | 0 | _aDynamics of business management | |
| 260 | _aLagos | ||
| 260 | _bAbaba Press | ||
| 260 | _c2005 | ||
| 300 | _a247 p | ||
| 650 | _aBusiness | ||
| 942 | _cBK | ||
| 999 |
_c29246 _d29246 |
||